LINUX. Руководство администратора сети: пер. с англ.

Xehetasun bibliografikoak
Egile nagusia: Кирх О. Олаф
Gaia:Монография посвящена разработке и исследованию систем электроразрядного возбуждения ССЬ-, N2- и Рг-лазеров. Система возбуждения рассмат­ривается как единая электрофизическая установка, состоящая из комплекса устройств возбуждения и работающая на принципе объемного самостоятель­ного разряда. Описываются механизмы и закономерности электрофизических явлений в самостоятельном разряде в газовых средах лазеров. Приведены ре­зультаты оптимизации работы систем возбуждения, а также примеры создания на их основе эффективных СО2-, N2- и Рг-лазеров, генерирующих в диапазоне излучений от инфракрасного до вакуумного ультрафиолета.Книга предназначена специалистам по физике лазеров и газоразрядных процессов, конструкторам, преподавателям, аспирантам и студентам физиче­ских и физико-технических специальностей.
Hizkuntza:errusiera
Argitaratua: СПб., Питер, 2000
Saila:Для профессионалов
Gaiak:
Formatua: Liburua
KOHA link:https://koha.lib.tpu.ru/cgi-bin/koha/opac-detail.pl?biblionumber=14627

MARC

LEADER 00000nam0a2200000 4500
001 14627
005 20231030185750.0
010 |a 5804600478 
035 |a (RuTPU)RU\TPU\book\14725 
035 |a BOOK00014793 
090 |a 14627 
100 |a 20011209d2000 m y0rusy50 ca 
101 1 |a rus  |c eng 
102 |a RU 
105 |a a z 000zy 
200 1 |a LINUX. Руководство администратора сети  |e пер. с англ.  |f О. Кирх 
210 |a СПб.  |c Питер  |d 2000 
215 |a 368 с.  |c ил. 
225 1 |a Для профессионалов 
330 |a Монография посвящена разработке и исследованию систем электроразрядного возбуждения ССЬ-, N2- и Рг-лазеров. Система возбуждения рассмат­ривается как единая электрофизическая установка, состоящая из комплекса устройств возбуждения и работающая на принципе объемного самостоятель­ного разряда. Описываются механизмы и закономерности электрофизических явлений в самостоятельном разряде в газовых средах лазеров. Приведены ре­зультаты оптимизации работы систем возбуждения, а также примеры создания на их основе эффективных СО2-, N2- и Рг-лазеров, генерирующих в диапазоне излучений от инфракрасного до вакуумного ультрафиолета.Книга предназначена специалистам по физике лазеров и газоразрядных процессов, конструкторам, преподавателям, аспирантам и студентам физиче­ских и физико-технических специальностей. 
610 1 |a операционные системы 
610 1 |a установка 
610 1 |a настройка 
610 1 |a конфигурирование 
610 1 |a компьютерные сети 
610 1 |a планирование 
610 1 |a проектирование 
675 |a 681.3.066  |v 3 
700 1 |a Кирх  |b О.  |g Олаф 
801 0 |a RU  |b 63413507  |c 20011209  |g PSBO 
801 2 |a RU  |b 63413507  |c 20201110  |g PSBO 
942 |c BK